00674cam a2200217 450000100060000000300080000600500170001400800410003103500190007204000320009104100080012308200210013124500980015226000410025030000270029135000100031850400390032865100470036770000210041470000210043524633BD-RjUL20211209001057.0140315s1968 ii b 001 0 eng d a(BD-RjUL)24702 aDLCcDLCdDLCdBD-RjULbeng aeng00a954.02bHIS 196810aHistorians of medieval India /cedited by Mohibbul Hasan. With a foreword by Muhammad Mujeeb. aMeerut :bMeenakshi Prakashan,c1968 axvii, 290 p. ;c23 cm. a30.00 aIncludes bibliographies. and Index 0aIndiaxHistoryy1000-1526xHistoriography.1 aHasan, Mohibbul,1 aMujeeb, Muhammad